000 00304 a2200157 4500
001 163460
020 _a
040 _cMagnum
100 _aSouza, Paulo Rogério de
240 1 0 _aPoing!
_lpor
245 1 0 _aPoing!
300 _a16
362 0 _a1996
697 _aLITERATURA INFANTIL
942 _cBK
999 _c163460
_d163460